MARC

Tag First Indicator Second Indicator Subfields
LEADER 00000cam a2200000Ia 4500
001 in00002387331
005 20210810090950.0
006 m | d |
007 cr cn|||||||||
008 070326s2007 njua sb 001 0 eng d
020 |a 0470073047 
020 |a 9780470073049 
035 |a (OCoLC)86221681 
035 |a (OCoLC)ocm86221681 
037 |a 10.1002/0470073047  |b Wiley InterScience  |n http://www3.interscience.wiley.com 
040 |a DG1  |c DG1  |d BAKER  |d OKU  |d UtOrBLW 
049 |a TEFA 
050 1 4 |a QA76.9.D343  |b M52 2007eb 
082 0 4 |a 005.74  |2 22 
245 0 0 |a Mining graph data /  |c edited by Diane J. Cook, Lawrence B. Holder. 
264 1 |a Hoboken, N.J. :  |b Wiley-Interscience,  |c [2007] 
264 4 |c ©2007 
300 |a xix, 479 pages :  |b illustrations ;  |c 25 cm. 
336 |a text  |b txt  |2 rdacontent 
337 |a computer  |b c  |2 rdamedia 
338 |a online resource  |b cr  |2 rdacarrier 
500 |a Electronic resource. 
504 |a Includes bibliographical references and index. 
505 0 |a Graph matching : exact and error-tolerant methods and the automatic learning of edit costs / Horst Bunke, Michel Neuhaus -- Graph visualization and data mining / Walter Didimo, Giuseppe Liotta -- Graph patterns and the R-Mat generator / Deepayan Chakrabarti, Christos Faloutsos -- Discovery of frequent substructures / Xifeng Yan, Jiawei Han -- Finding topological frequent patterns from graph datasets / Michihiro Kuramochi, George Karypis -- Unsupervised and supervised pattern learning in graph data / Diane J. Cook, Lawrence B. Holder, Nikhil Ketkar -- Graph grammar learning / Istvan Jonyer -- Constructing decision tree based on chunkingless graph-based induction / Kouzou Ohara, Phu Chien Nguyen, Akira Mogi, Hiroshi Motoda, Takashi Washio -- Some links between formal concept analysis and graph mining / Michel Liquière -- Kernel methods for graphs / Thomas Gärtner, Tamás Horváth, Quoc V. Le, Alex J. Smola, Stefan Wrobel -- Kernels as link analysis measures / Masashi Shimbo, Takahiko Ito -- Entity resolution in graphs / Indrajit Bhattacharya, Lise Getoor -- Mining from chemical graphs / Takashi Okada -- Unified approach to rooted tree mining : algorithms and applications / Mohammed Zaki -- Dense subgraph extraction / David Gibson, Ravi Kumar, Kevin S. McCurley, Andrew Tomkins -- Social network analysis / Sherry E. Marcus, Melanie Moy, Thayne Coffman. 
533 |a Electronic reproduction.  |b Hoboken, N.J. :  |c Wiley InterScience,  |d 2007.  |n Mode of access: World Wide Web.  |n System requirements: Web browser.  |n Title from title screen (viewed on Mar. 26, 2007).  |n Access may be restricted to users at subscribing institutions. 
650 0 |a Data mining.  |0 http://id.loc.gov/authorities/subjects/sh97002073 
650 0 |a Data structures (Computer science)  |0 http://id.loc.gov/authorities/subjects/sh85035862 
650 0 |a Graphic methods.  |0 http://id.loc.gov/authorities/subjects/sh85056481 
655 0 |a Electronic books. 
655 7 |a Electronic books.  |2 local 
700 1 |a Cook, Diane J.,  |d 1963-  |0 http://id.loc.gov/authorities/names/n2006028697 
700 1 |a Holder, Lawrence B.,  |d 1964-  |0 http://id.loc.gov/authorities/names/n2006028698 
710 2 |a Wiley InterScience (Online service)  |0 http://id.loc.gov/authorities/names/no00037213 
776 1 |c Original  |z 0471731900  |z 9780471731900  |w (DLC) 2006012632  |w (OCoLC)67361258 
856 4 0 |u http://proxy.library.tamu.edu/login?url=https://dx.doi.org/10.1002/0470073047  |z Connect to the full text of this electronic book  |t 0 
938 |a Baker & Taylor  |b BKTY  |c 99.95  |d 99.95  |i 0470073047  |n 0006925834  |s active 
994 |a C0  |b TEF 
999 |a MARS 
999 f f |s 3fc4423d-c2e0-3473-a49b-9ef0d266f6df  |i aedd695f-6f87-346d-a21b-bba7fa135519  |t 0 
952 f f |a Texas A&M University  |b College Station  |c Electronic Resources  |d Available Online  |t 0  |e QA76.9.D343 M52 2007eb  |h Library of Congress classification 
998 f f |a QA76.9.D343 M52 2007eb  |t 0  |l Available Online